000 00267nam a2200109Ia 4500
008 220204s9999 xx 000 0 und d
082 _a82-3
_bJAC
100 _aJacobs, Franc
245 0 _aSing along with mad
260 _aNew Jersy
_bNew American Library
942 _cBK
999 _c35748
_d35748